| 000 | 01772cam a22004814i 4500 | ||
|---|---|---|---|
| 003 | PE-LiUPU | ||
| 005 | 20250731173035.0 | ||
| 008 | 150623s r 000 0 d | ||
| 020 | _a0865545634 | ||
| 035 | _a(Sirsi) i9780865545632 | ||
| 040 |
_aPE-LiUPU _bspa _cPE-LiUPU _erda |
||
| 049 | _aPRUA | ||
| 082 | 0 | 4 |
_a226.4066 _bL57 _221 |
| 245 | 0 | 0 |
_aLiterary studies in Luke-Acts / _cEditado por Richard P. Thompsom y Thomas E. Phillips. |
| 264 | 1 |
_aMacon, Georgia : _bMercer University Press, _c1998. |
|
| 300 | _a372 p. | ||
| 336 |
_atext _2rdacontent |
||
| 337 |
_aunmediated _2rdamedia |
||
| 338 |
_avolume _2rdacarrier |
||
| 504 | _aBibliografía al pié de páginas. | ||
| 505 | 0 | _aLuke and Acts within first-century judaism, the New testament, and early christianity. -Lukan themes, characters, and rhetoric. -Jews, judaism, and anti-judaism in the Lukan writings and scholarship. | |
| 526 | _aSEG42 | ||
| 526 | _aSEG41 | ||
| 526 | _aSEG40 | ||
| 526 | _aSEG39 | ||
| 526 | _aP94 | ||
| 526 | _aP87 | ||
| 526 | _aP86 | ||
| 526 | _aP85 | ||
| 526 | _aP77 | ||
| 526 | _aP76 | ||
| 526 | _aP35 | ||
| 630 |
_aBiblia. _pN.T. _pHechos _xCrítica, interpretación, etc. |
||
| 630 |
_aBiblia. _pN.T. _pLucas _xCrítica, interpretación, etc. |
||
| 700 | 1 |
_aPhillips, Thomas E., _eed. |
|
| 700 | 1 |
_aThompsom, Richard P., _eed. |
|
| 942 |
_2ddc _cBOOK |
||
| 949 |
_a226.4066 L57 _wDEWEY _c1 _i48103 _lCCODEBUL1 _mBUL _r0 _sY _tBOOK _u2015-6-24 _xTEOLOGIA _PP35 _0COMPRA _o.STAFF. Colección General |
||
| 994 |
_aC0 _bPEPRU |
||
| 596 | _a1 | ||
| 999 |
_a226.4066 L57 _wDEWEY _c25645 _i48103 _d25645 _f2021-11-9 _g5 _lCCODEBUL1 _mBUL _q1 _r0 _sY _tBOOK _u2015-6-24 _xTEOLOGIA _PP35 _0COMPRA _o.STAFF. Colección General |
||
| 980 |
_81 _gALBERTO SANCHEZ Responsable de Automatización |
||